000 00857nam a2200265 i 4500
001 bg
003 BPK
005 20200710133844.0
008 971113s1987 pl a f |000 0 pol
015 _aPB 1988/3578
020 _a8385005269
040 _aWA N
_cBPK
080 _a621.791/.795
080 _a(07)
100 1 _aHillar, Jan
_eAutor
245 1 0 _aSpawanie gazowe :
_b(wiadomości specjalistyczne) /
_cJan Hillar ; Związek Zakładów Doskonalenia Zawodowego.
250 _a[Wyd. 3].
260 _aWarszawa :
_b"Libra",
_c1987.
300 _a165, [1] s. :
_bfot., rys., wykr. ;
_c21 cm.
500 _aNa s. tyt. nr materiałów szkoleniowych : M-120.
650 4 _aSpawanie
655 4 _aPodręcznik
856 _uhttp://koha.tu.koszalin.pl/cgi-bin/koha/opac-detail.pl?biblionumber=31974
_yKatalog online BPK
942 _2UKD
_cKA
999 _c31974
_d31974